Logo BPK

Biblioteka

Politechniki Koszalińskiej

Problemy projektowania oraz optymalizacja rozwiązań materiałowych i technologii wykonywania obiektów w aspekcie trwałości i ochrony przed korozją : (Rekord nr 38885)

Szczegóły MARC
000 -ETYKIETA REKORDU
podpole kontrolne o stałej długości 01734nam a2200277 i 4500
001 - NUMER KONTROLNY REKORDU
pole kontrolne bg
040 ## - ŹRÓDŁO KATALOGOWANIA
Instytucja, która utworzyła rekord BPK
041 0# - KOD JĘZYKA
Kod języka tekstu pl
Kod języka streszczenia lub abstraktu en
080 ## - UNIWERSALNA KLASYFIKACJA DZIESIĘTNA - UKD
UKD 69::725.4:691:692.5:628.32:620.193](061)
008 - POLE O STAŁEJ DŁUGOŚCI - DANE KONTROLNE
podpole kontrolne o stałej długości s pl f |000 0 pol
245 00 - TYTUŁ/ODPOWIEDZIALNOŚĆ
Tytuł Problemy projektowania oraz optymalizacja rozwiązań materiałowych i technologii wykonywania obiektów w aspekcie trwałości i ochrony przed korozją :
Ciąg dalszy tytułu posadzki przemysłowe - problematyka jakości betonów i zabezpieczeń konstrukcji betonowych w oczyszczalniach ścieków oraz na składowiskach odpadów przemysłowych i rolniczych : XI Konferencja OKTRA '99, Polanica Zdrój 6-9 września 1999 r.
246 11 - WARIANT TYTUŁU
Tytuł Problems of design, optimization of material solution and engineering of building objects in aspect of durability and corrosion resistance
260 ## - STREFA ADRESU WYDAWNICZEGO
Miejsce wydania Wrocław :
Nazwa wydawcy/dystrybutora Oficyna Wydawnicza PW,
Data publikacji, dystrybucji/powstania dokumentu 1999.
300 ## - STREFA OPISU FIZYCZNEGO
Objętość 234 s. :
Inne cechy fizyczne il. ;
Rozmiary 24 cm.
490 1# - STREFA SERII I DOKUMENTU WIELOCZĘŚCIOWEGO - FORMA NIE DO WYSZUKIWANIA
Tytuł i oznaczenie odpowiedzialności serii Prace Naukowe Instytutu Budownictwa Politechniki Wrocławskiej. Konferencje =
-- Scientific Papers of the Institute of Building Engineering of the Wrocław University of Technology. Conferences,
ISSN 0324-9883 ;
Numeracja w obrębie serii 25
500 ## - UWAGI OGÓLNE
Tekst uwagi Tyt. równol.: Problems of design, optimization of material solution and engineering of building objects in aspect of durability and corrosion resistance. - Tyt. grzbiet.: OKTRA '99. - Nr serii gł.: 74.
500 ## - UWAGI OGÓLNE
Tekst uwagi Streszcz. ang. przy ref.
504 ## - UWAGA DOTYCZĄCA BIBLIOGRAFII
Informacje o bibliografii Bibliogr. przy ref.
650 #9 - HASŁO PRZEDMIOTOWE W FORMIE NAZWY OGÓLNEJ LUB JEDNOSTKOWEJ
Nazwa ogólna lub geograficzna Beton
Określnik ogólny stosowanie
650 #9 - HASŁO PRZEDMIOTOWE W FORMIE NAZWY OGÓLNEJ LUB JEDNOSTKOWEJ
Nazwa ogólna lub geograficzna Korozja i erozja
650 #9 - HASŁO PRZEDMIOTOWE W FORMIE NAZWY OGÓLNEJ LUB JEDNOSTKOWEJ
Nazwa ogólna lub geograficzna Oczyszczalnia ścieków
Określnik ogólny materiały
650 #9 - HASŁO PRZEDMIOTOWE W FORMIE NAZWY OGÓLNEJ LUB JEDNOSTKOWEJ
Nazwa ogólna lub geograficzna Podłoga
Określnik ogólny materiały
655 ## - TERMIN INDEKSOWY - OKREŚLENIE RODZAJU/FORMY DOKUMENTU
Określenie rodzaju/formy dokumentu Materiały konferencyjne
830 #0 - HASŁO DODATKOWE SERII LUB DOKUMENTU WIELOCZĘŚCIOWEGO - TYTUŁ UJEDNOLICONY
Tytuł ujednolicony Prace Naukowe Instytutu Budownictwa Politechniki Wrocławskiej.
Nazwa części/sekcji dzieła Konferencje ;
Oznaczenie tomu 25
942 ## - DODATKOWE ELEMENTY (KOHA)
Typ dokumentu Książka
Egzemplarze
Wycofany Status egzemplarza Uszkodzony Dostępność Lokalizacja stała Lokalizacja bieżąca Miejsce przechowywania Sygnatura Kod kreskowy Typ dokumentu
      Dostępny Biblioteka Politechniki Koszalińskiej Biblioteka Politechniki Koszalińskiej Wypożyczalnia BG 57274 01536416 Książka
© 2023 Biblioteka Politechniki Koszalińskiej :: KOHA